Two Word Book Titles A-Z Quiz Stats

 Plays Quiz Updated Jun 15, 2016

Challenge
Share
Tweet
Embed
Score 0/24 Timer 05:00
1 Play Today
Author Literature % Correct
George OrwellAnimal Farm
95.4%
Louisa May AlcottLittle Women
84.6%
Charlotte BrontëJane Eyre
78.8%
Charles DickensOliver Twist
77.9%
E. B. WhiteCharlotte's Web
76.5%
William ShakespeareKing Lear
75.4%
Robert Louis StevensonTreasure Island
73.9%
Daniel DefoeRobinson Crusoe
61%
Jack LondonWhite Fang
59.6%
Stephenie MeyerNew Moon
53.8%
Anna SewellBlack Beauty
52.5%
Jane AustenMansfield Park
45.9%
Author Literature % Correct
Orson Scott CardEnder's Game
42.3%
Ralph EllisonInvisible Man
41%
William Makepeace ThackerayVanity Fair
38.9%
Chuck PalahniukFight Club
38.4%
Boris PasternakDoctor Zhivago
36.5%
Astrid LindgrenPippi Longstocking
36.1%
Stephen King'Salem's Lot
30%
Nick HornbyHigh Fidelity
29.4%
Anton Chekhov Uncle Vanya
25.4%
Thomas PynchonGravity's Rainbow
23.1%
Henryk SienkiewiczQuo Vadis
6.2%
Herman WoukYoungblood Hawke
3.9%

You're not logged in!

Compare scores with friends on all Sporcle quizzes.
OR
Log In

You Might Also Like...

Show Comments

Extras

Top Quizzes Today


Score Distribution

Your Account Isn't Verified!

In order to create a playlist on Sporcle, you need to verify the email address you used during registration. Go to your Sporcle Settings to finish the process.

Report this User

Report this user for behavior that violates our Community Guidelines.

Details: